[Event "Niedersachsen-ch op-C"]
[Site "Verden"]
[Date "2013.01.05"]
[Round "5"]
[White "Schulze, Lara"]
[Black "Da Silva, Marco"]
[Result "1/2-1/2"]
[WhiteElo "1411"]
[BlackElo "1116"]
[PlyCount "84"]
[EventDate "2013.01.03"]
[EventType "swiss"]
[EventRounds "7"]
[EventCountry "GER"]
[SourceTitle "EXT 2021"]
[Source "ChessBase"]
[SourceDate "2020.10.23"]
[SourceVersion "1"]
[SourceVersionDate "2020.10.23"]
[SourceQuality "1"]

1. f4 Nc6 2. Nf3 Nf6 3. e3 d6 4. b3 g6 5. Bb2 Bg7 6. g3 Bf5 7. Bg2 0-0 8. 0-0 Re8 9. d3 Ng4 10. Bxg7 Kxg7 11. Qe1 e5 12. e4 Bd7 13. h3 Nh6 14. Qf2 Qc8 15. Kh2 exf4 16. gxf4 Nd8 17. Nbd2 Ne6 18. Qg3 f5 19. Nh4 Nf8 20. Bf3 Qd8 21. Rg1 Qf6 22. Nc4 Rab8 23. Ne3 Re6 24. Nd5 Qf7 25. Nxc7 Re7 26. Nd5 Ree8 27. Ne3 Qf6 28. Rae1 fxe4 29. Bxe4 Bc6 30. Bxc6 bxc6 31. f5 Qe5 32. fxg6 Nxg6 33. Nxg6 hxg6 34. Qxe5+ Rxe5 35. Nc4 Rxe1 36. Rxe1 d5 37. Na5 Rf8 38. Re2 Rf6 39. Nb7 Nf5 40. c4 Nd4 41. Rg2 Nf3+ 42. Kg3 Ne1 1/2-1/2

[Event "Lippe Cup-C 08th"]
[Site "Lieme"]
[Date "2011.10.28"]
[Round "1"]
[White "Eick, Holger"]
[Black "Da Silva, Marco"]
[Result "1-0"]
[WhiteElo "1267"]
[BlackElo "768"]
[PlyCount "71"]
[EventDate "2011.10.28"]
[EventType "swiss"]
[EventRounds "5"]
[EventCountry "GER"]
[SourceTitle "EXT 2012"]
[Source "ChessBase"]
[SourceDate "2011.11.24"]
[SourceVersion "1"]
[SourceVersionDate "2011.11.24"]
[SourceQuality "1"]

1. e4 e5 2. Nf3 Nc6 3. Bc4 Nf6 4. Ng5 d5 5. exd5 Na5 6. Bb5+ c6 7. dxc6 bxc6 8. Ba4 Nd5 9. d3 Bc5 10. Qf3 Qf6 11. c4 Qxf3 12. Nxf3 Nf4 13. Bxf4 exf4 14. a3 0-0 15. b4 Nb7 16. bxc5 Nxc5 17. Bxc6 Rb8 18. 0-0 Bb7 19. Bxb7 Rxb7 20. d4 Nb3 21. Ra2 Rfb8 22. Rb2 Nc5 23. Rxb7 Nxb7 24. Re1 Nd6 25. c5 Nf5 26. d5 h6 27. h3 Rd8 28. Re5 g6 29. Nc3 f6 30. Re6 Kg7 31. d6 Kf7 32. Re4 g5 33. Ra4 Re8 34. Rxa7+ Kg6 35. d7 Rd8 36. Rc7 1-0